Statistics for Dünya Ülkeleri - İlk Harfi Yazın

Click here to take the quiz!

General Stats

  • This quiz has been taken 846 times
  • The average score is 56 of 196

Answers on the Map

Answers color-coded by a green-red scale on the quiz's map according to % correct below.
 

Answer Stats

ülke% Correct
Beyaz Rusya
37%
Lesotho
36%
Azerbaycan
35%
Çekya
34%
Gabon
34%
Kuzey Kore
34%
Mısır
34%
Romanya
34%
Suudi Arabistan
34%
Türkmenistan
34%
Ukrayna
34%
Afganistan
33%
Endonezya
33%
Ermenistan
33%
Estonya
33%
Hindistan
33%
İspanya
33%
Jamaika
33%
Japonya
33%
Küba
33%
Madagaskar
33%
Moldova
33%
Saint Lucia
33%
Türkiye
33%
Avusturya
32%
Botsvana
32%
İsviçre
32%
Kiribati
32%
Meksika
32%
Somali
32%
Yeni Zelanda
32%
Almanya
31%
Andorra
31%
Avustralya
31%
Belçika
31%
Birleşik Krallık
31%
Bulgaristan
31%
Danimarka
31%
Birleşik Arap
Emirlikleri
31%
Esvatini
31%
Filipinler
31%
Gana
31%
Güney Kore
31%
Guyana
31%
Honduras
31%
İrlanda
31%
Kazakistan
31%
Kıbrıs
31%
Letonya
31%
Lüksemburg
31%
Malezya
31%
Monako
31%
Namibya
31%
Rusya
31%
Seyşeller
31%
Slovakya
31%
Slovenya
31%
Tunus
31%
Uruguay
31%
Yemen
31%
Arjantin
30%
Arnavutluk
30%
Benin
30%
Bolivya
30%
Bosna-Hersek
30%
Cabo Verde
30%
Çad
30%
Cibuti
30%
Çin
30%
Fas
30%
Fransa
30%
Hırvatistan
30%
İsrail
30%
Kırgızistan
30%
Libya
30%
Lihtenştayn
30%
Malavi
30%
Moritanya
30%
Nijer
30%
Özbekistan
30%
Palau
30%
Polonya
30%
Sudan
30%
Surinam
30%
Uganda
30%
Yunanistan
30%
Bahreyn
29%
Ekvador
29%
İran
29%
Kamboçya
29%
Nijerya
29%
Nikaragua
29%
Suriye
29%
Tanzanya
29%
Tonga
29%
Tuvalu
29%
Umman
29%
Vanuatu
29%
Bahamalar
28%
Bangladeş
28%
Barbados
28%
Bhutan
28%
Birmanya
28%
Brezilya
28%
Brunei
28%
Burkina Faso
28%
Dem Kongo Cum
28%
Dominika
28%
Gambiya
28%
Gine-Bissau
28%
Guatemala
28%
Hollanda
28%
Iraq
28%
İtalya
28%
İzlanda
28%
Karadağ
28%
Kuveyt
28%
Macaristan
28%
Mauritius
28%
Mikronezya
28%
Moğolistan
28%
Mozambik
28%
Nepal
28%
Panama
28%
Portekiz
28%
Ruanda
28%
Şili
28%
Tayvan
28%
Venezuela
28%
Zimbabve
28%
Belize
27%
Cezayir
27%
Côte d'Ivoire
27%
Antigua ve
Barbuda
27%
Dominik Cumhuriyeti
27%
Ekvator Ginesi
27%
Kongo
27%
Papua Yeni Gine
27%
Saint Vincent ve
Grenadinler
27%
Trinidad ve Tobago
27%
Etiyopya
27%
Finlandiya
27%
Gine
27%
Grenada
27%
Güney Afrika
27%
Kosova
27%
Kosta Rika
27%
Liberya
27%
Litvanya
27%
Mali
27%
Malta
27%
Marshall Adaları
27%
Paraguay
27%
Peru
27%
Sierra Leone
27%
Singapur
27%
Solomon Adaları
27%
Tacikistan
27%
Tayland
27%
Timor-Leste
27%
Togo
27%
Ürdün
27%
Zambiya
27%
Eritre
26%
Gürcistan
26%
Kenya
26%
Samoa
26%
Sırbistan
26%
Sri Lanka
26%
Vietnam
26%
Angola
25%
Birleşik Devletler
25%
Orta Afrika
Cumhuriyeti
25%
São Tomé ve Príncipe
25%
Fiji
25%
İsveç
25%
Kamerun
25%
Katar
25%
Komorlar
25%
Kuzey Makedonya
25%
Maldivler
25%
Norveç
25%
Pakistan
25%
Vatikan
25%
Burundi
24%
Saint Kitts
ve Nevis
24%
Güney Sudan
24%
Nauru
24%
Senegal
24%
El Salvador
23%
Kanada
23%
Kolombiya
23%
Laos
23%
San Marino
23%
Haiti
22%
Lübnan
22%

Score Distribution

Percentile by Number Answered

Percent of People with Each Score

Your Score History

You have not taken this quiz